000 00643nam a2200265Ia 4500
005 20260324152757.0
008 008 260324s9999 xx 000 0 eng d
020 _a9780124166493
037 _aEBOOK
040 _aCRL
040 _beng
040 _cCRL
041 _2eng
041 _aeng
084 _qCRL
100 _aFonash, Stephen
_91229724
245 0 _aLight Trapping in Solar Cell and Photo-detector Devices
260 _bElsevier
260 _c2014
650 _aEnergy
856 _uhttps://www.sciencedirect.com/science/book/9780124166493
942 _cEBOOK
999 _c1840592
_d1840592